[Event "23rd EUR-ch"]
[Site "Vrnjacka Banja SRB"]
[Date "2023.03.07"]
[Round "5.238"]
[White "Orlovic, Isa"]
[Black "Dakic, Marta"]
[Result "1/2-1/2"]
[WhiteElo "1752"]
[BlackElo "1867"]
[EventDate "2023.03.03"]
[PlyCount "55"]

1.d4 Nf6 2.c4 e6 3.Nc3 Bb4 4.Bd2 b6 5.Nf3 Bb7 6.e3 O-O 7.Be2 d6 8.O-O Bxc3
9.Bxc3 Ne4 10.Nd2 Nxc3 11.bxc3 c5 12.Bf3 Nc6 13.Be4 f5 14.Bc2 Na5 15.Qe2 
Qf6 16.Qh5 Rac8 17.Bb3 Nxb3 18.axb3 h6 19.f4 b5 20.Qe2 b4 21.Qd3 bxc3 22.
Qxc3 Qg6 23.Rf2 Qg4 24.b4 Rf6 25.bxc5 Rg6 26.e4 fxe4 27.Qe3 dxc5 28.Nxe4 
1/2-1/2

[Event "23rd EUR-ch"]
[Site "Vrnjacka Banja SRB"]
[Date "2023.03.07"]
[Round "5.239"]
[White "Dimitrijevic, Andjela"]
[Black "Gogic, Anastasija"]
[Result "0-1"]
[WhiteElo "1863"]
[BlackElo "1772"]
[EventDate "2023.03.03"]
[PlyCount "75"]

1.e4 c5 2.Nc3 a6 3.f4 b5 4.Nf3 e6 5.d4 cxd4 6.Qxd4 Nc6 7.Qf2 b4 8.Na4 Rb8 
9.Bd3 Qa5 10.b3 Nf6 11.h3 h5 12.Be3 Qc7 13.O-O Bb7 14.Ne5 d5 15.Bb6 Qc8 
16.exd5 Nxd5 17.Rae1 Bd6 18.Nc4 Be7 19.f5 O-O 20.Qe2 Nxb6 21.Ncxb6 Nd4 22.
Qxh5 Qc6 23.Be4 Qb5 24.Nd7 g6 25.Qh6 exf5 26.Nxf8 Bxf8 27.Qe3 Bxe4 28.Qxd4
Bxc2 29.Qe5 Bg7 30.Qf4 Rd8 31.Qc7 Qd3 32.Kh1 Qd2 33.Rg1 Be4 34.Re2 Qd3 35.
Nc5 Qxh3+ 36.Qh2 Qxh2+ 37.Kxh2 Bd4 38.Rd1 0-1

[Event "23rd EUR-ch"]
[Site "Vrnjacka Banja SRB"]
[Date "2023.03.08"]
[Round "6.1"]
[White "Nguyen Thai Dai Van"]
[Black "Korobov, Anton"]
[Result "1/2-1/2"]
[WhiteElo "2651"]
[BlackElo "2658"]
[EventDate "2023.03.03"]
[PlyCount "39"]

1.d4 e6 2.c4 Bb4+ 3.Bd2 a5 4.Nf3 Nf6 5.a3 Bxd2+ 6.Qxd2 b6 7.Nc3 Bb7 8.Qc2 
d6 9.e4 Nbd7 10.Be2 O-O 11.O-O e5 12.d5 Qe7 13.b4 Rfc8 14.Nd2 axb4 15.axb4
c5 16.dxc6 Bxc6 17.Qd3 Nf8 18.Nd5 Qd8 19.Qe3 N6d7 20.Bg4 1/2-1/2

[Event "23rd EUR-ch"]
[Site "Vrnjacka Banja SRB"]
[Date "2023.03.08"]
[Round "6.2"]
[White "Safarli, Eltaj"]
[Black "Kourkoulos-Arditis, Stamatis"]
[Result "0-1"]
[WhiteElo "2608"]
[BlackElo "2520"]
[EventDate "2023.03.03"]
[PlyCount "66"]

1.e4 e5 2.Nf3 Nc6 3.Bb5 a6 4.Ba4 Nf6 5.Nc3 Bc5 6.Bxc6 dxc6 7.d3 Qe7 8.h3 
Bd7 9.Be3 Bd6 10.O-O O-O-O 11.Re1 c5 12.Bg5 Qe6 13.Nd2 Rdg8 14.Nc4 h6 15.
Bxf6 gxf6 16.Re3 Rg5 17.Rf3 Rhg8 18.Ne3 c4 19.Ncd5 Bc5 20.dxc4 c6 21.b4 
Ba7 22.h4 R5g6 23.h5 Rg5 24.Rxf6 Qe8 25.c5 cxd5 26.exd5 Bg4 27.Nxg4 Rxg4 
28.g3 Rxb4 29.d6 Rf4 30.Rxf4 exf4 31.Qd5 fxg3 32.Rd1 gxf2+ 33.Kxf2 Qe6 0-1

[Event "23rd EUR-ch"]
[Site "Vrnjacka Banja SRB"]
[Date "2023.03.08"]
[Round "6.3"]
[White "Quparadze, Giga"]
[Black "Navara, David"]
[Result "1/2-1/2"]
[WhiteElo "2483"]
[BlackElo "2685"]
[EventDate "2023.03.03"]
[PlyCount "128"]

1.e4 c5 2.Nf3 d6 3.d4 cxd4 4.Nxd4 Nf6 5.Nc3 a6 6.Be2 e5 7.Nb3 Be7 8.O-O 
O-O 9.Be3 Be6 10.Kh1 Nc6 11.f3 d5 12.exd5 Nxd5 13.Nxd5 Bxd5 14.c3 e4 15.
fxe4 Bxe4 16.Nd4 Qd5 17.Bf3 Rad8 18.Qb3 Qxb3 19.axb3 Bxf3 20.Nxf3 Rd5 21.
Nd4 Nxd4 22.Bxd4 f6 23.Rfe1 Kf7 24.Ra4 Re8 25.g3 Bd6 26.Rxe8 Kxe8 27.Kg2 
Kd7 28.Kf3 a5 29.Kg2 Rb5 30.h4 Rxb3 31.Rxa5 Rxb2+ 32.Kf3 Ke6 33.Ra8 h5 34.
Rg8 Kf7 35.Rd8 Be7 36.Rc8 Rb5 37.Rc7 Ke6 38.Rc8 Kf7 39.Rc7 Ke6 40.Rc8 Bd6 
41.Rg8 g5 42.hxg5 Rxg5 43.Rxg5 fxg5 44.g4 hxg4+ 45.Kxg4 b5 46.Kxg5 Be5 47.
Bc5 Kd5 48.Be7 Bxc3 49.Kf4 Bd4 50.Kf3 Bc5 51.Bg5 Kc4 52.Ke2 Kc3 53.Kd1 Kb2
54.Bd2 Ba3 55.Be1 Kb3 56.Bg3 Bb2 57.Bd6 Ka2 58.Bb4 Ba3 59.Bc3 Kb3 60.Be5 
Bb2 61.Bd6 Ka2 62.Bb4 Ba3 63.Bc3 b4 64.Bxb4 Bxb4 1/2-1/2

[Event "23rd EUR-ch"]
[Site "Vrnjacka Banja SRB"]
[Date "2023.03.08"]
[Round "6.4"]
[White "Sargissian, Gabriel"]
[Black "Pechac, Jergus"]
[Result "1/2-1/2"]
[WhiteElo "2699"]
[BlackElo "2598"]
[EventDate "2023.03.03"]
[PlyCount "74"]

1.d4 d5 2.c4 e6 3.Nf3 c5 4.cxd5 exd5 5.Nc3 Nf6 6.Bg5 Be6 7.g3 Nc6 8.Bg2 h6
9.Bxf6 Qxf6 10.O-O O-O-O 11.Qa4 Kb8 12.Rfd1 a6 13.e4 cxd4 14.Nxd5 Bxd5 15.
exd5 Rxd5 16.Nd2 Ra5 17.Qc2 Be7 18.Nb3 Rb5 19.Bxc6 Qxc6 20.Qxc6 bxc6 21.
Nxd4 Rb6 22.Rac1 Kc7 23.Nf5 Bf6 24.b3 Rb5 25.Nd6 Ra5 26.Ne4 Be7 27.Rc2 Re5
28.Rc4 f5 29.Nc3 Rd8 30.Rxd8 Bxd8 31.Kf1 Be7 32.Ne2 Rc5 33.Nd4 Rxc4 34.
bxc4 g6 35.Ke2 Kd6 36.Nb3 Bd8 37.f4 Bb6 1/2-1/2

[Event "23rd EUR-ch"]
[Site "Vrnjacka Banja SRB"]
[Date "2023.03.08"]
[Round "6.5"]
[White "Moussard, Jules"]
[Black "Mastrovasilis, Dimitrios"]
[Result "1/2-1/2"]
[WhiteElo "2684"]
[BlackElo "2599"]
[EventDate "2023.03.03"]
[PlyCount "112"]

1.c4 c6 2.Nf3 d5 3.d4 Nf6 4.e3 Bf5 5.Nc3 a6 6.Qb3 b5 7.c5 a5 8.Nh4 Be6 9.
Qc2 g6 10.Bd3 Bg7 11.O-O O-O 12.Bd2 Nfd7 13.Ne2 Bg4 14.f3 e5 15.g3 Be6 16.
a3 Na6 17.b4 axb4 18.axb4 Nc7 19.Rxa8 Qxa8 20.Bc3 Qb7 21.Qb2 f6 22.Nc1 Bh3
23.Re1 Ne6 24.Nb3 Qc7 25.Qc2 f5 26.dxe5 Nxe5 27.f4 Nc4 28.Nf3 Bg4 29.Nfd4 
Nxd4 30.Nxd4 Re8 31.Kf2 h5 32.h4 Qb7 33.Nb3 Ra8 34.Na5 Nxa5 35.bxa5 Bxc3 
36.Qxc3 Qg7 37.Qb4 Qf6 38.Rc1 Ra6 39.Bc2 Kh7 40.Bd3 Kh6 41.Rb1 Qg7 42.Bf1 
Qf6 43.Bg2 Qg7 44.Ke1 Qf6 45.Kd2 Ra8 46.Ke1 Re8 47.Kf2 Ra8 48.Kf1 Ra7 49.
Rc1 Ra8 50.Ke1 Re8 51.Kf2 Ra8 52.Kf1 Kh7 53.Rb1 Kh6 54.Rc1 Kh7 55.Qd2 Kh6 
56.Qb4 Kh7 1/2-1/2

[Event "23rd EUR-ch"]
[Site "Vrnjacka Banja SRB"]
[Date "2023.03.08"]
[Round "6.6"]
[White "Brkic, Ante"]
[Black "Predke, Alexander"]
[Result "1/2-1/2"]
[WhiteElo "2596"]
[BlackElo "2684"]
[EventDate "2023.03.03"]
[PlyCount "100"]

1.e4 c5 2.Nf3 e6 3.d4 cxd4 4.Nxd4 Nc6 5.Nc3 Qc7 6.Be2 Nf6 7.Ndb5 Qb8 8.f4 
d6 9.Be3 Be7 10.g4 d5 11.exd5 Nxd5 12.Nxd5 Bh4+ 13.Bf2 Bxf2+ 14.Kxf2 exd5 
15.Qd2 O-O 16.Bf3 a6 17.Nd4 Bd7 18.c3 Qd6 19.h4 Na5 20.b3 Nc6 21.Rhe1 Rac8
22.Kg3 Rfe8 23.Rad1 Rxe1 24.Rxe1 Qc5 25.Nxc6 Bxc6 26.g5 Kf8 27.b4 Qb6 28.
Qe3 Qxe3 29.Rxe3 a5 30.a3 d4 31.cxd4 Bxf3 32.Kxf3 axb4 33.axb4 Rc4 34.Ke4 
Rxb4 35.Rc3 h6 36.Rc8+ Ke7 37.Rc7+ Kf8 38.Rc8+ Ke7 39.Rc7+ Kf8 40.g6 fxg6 
41.Ke5 Rb1 42.d5 Re1+ 43.Kd6 Re4 44.Rxb7 Rxf4 45.Ke5 Rxh4 46.Rb8+ Ke7 47.
d6+ Kd7 48.Rb7+ Kd8 49.Rb8+ Kd7 50.Rb7+ Kd8 1/2-1/2

[Event "23rd EUR-ch"]
[Site "Vrnjacka Banja SRB"]
[Date "2023.03.08"]
[Round "6.7"]
[White "Asadli, Vugar"]
[Black "Esipenko, Andrei"]
[Result "1/2-1/2"]
[WhiteElo "2586"]
[BlackElo "2680"]
[EventDate "2023.03.03"]
[PlyCount "55"]

1.e4 e5 2.Nf3 Nc6 3.d4 exd4 4.Bc4 Nf6 5.e5 Ne4 6.Qe2 Nc5 7.O-O Ne6 8.Bxe6 
fxe6 9.Rd1 Be7 10.Nxd4 Nxd4 11.Rxd4 O-O 12.Nc3 b6 13.Rg4 Kh8 14.Be3 Bb7 
15.Rd1 Rf5 16.Rgd4 Bc6 17.b4 a6 18.a4 b5 19.axb5 axb5 20.Nxb5 Rxe5 21.Nc3 
d6 22.Qc4 Qd7 23.h3 Rb8 24.Ne4 Rd5 25.Ng3 Bf6 26.Rxd5 Bxd5 27.Qg4 Qa4 28.
c4 1/2-1/2

[Event "23rd EUR-ch"]
[Site "Vrnjacka Banja SRB"]
[Date "2023.03.08"]
[Round "6.8"]
[White "Gelfand, Boris"]
[Black "Kadric, Denis"]
[Result "1/2-1/2"]
[WhiteElo "2674"]
[BlackElo "2583"]
[EventDate "2023.03.03"]
[PlyCount "63"]

1.d4 Nf6 2.c4 d6 3.Nf3 g6 4.Nc3 Bg7 5.e4 O-O 6.Be2 e5 7.O-O Na6 8.Be3 Qe7 
9.Bg5 exd4 10.Nd5 Qd8 11.Nxd4 c6 12.Nxf6+ Bxf6 13.Bxf6 Qxf6 14.Qd2 Re8 15.
f3 Nc7 16.Rad1 d5 17.exd5 cxd5 18.Rfe1 dxc4 19.Bxc4 Rxe1+ 20.Rxe1 Bd7 21.
Re4 Qb6 22.Kh1 Re8 23.h3 Rxe4 24.fxe4 Be6 25.Nxe6 Nxe6 26.Bd5 Qc7 27.Bxe6 
fxe6 28.b4 Qe5 29.Qd8+ Kg7 30.Qe7+ Kh6 31.Qh4+ Kg7 32.Qe7+ 1/2-1/2

[Event "23rd EUR-ch"]
[Site "Vrnjacka Banja SRB"]
[Date "2023.03.08"]
[Round "6.9"]
[White "Svane, Frederik"]
[Black "Saric, Ivan"]
[Result "1-0"]
[WhiteElo "2577"]
[BlackElo "2674"]
[EventDate "2023.03.03"]
[PlyCount "133"]

1.e4 c5 2.Nf3 d6 3.d4 cxd4 4.Nxd4 Nf6 5.Nc3 a6 6.Bg5 e6 7.f4 Qb6 8.Qd2 Nc6
9.Bxf6 gxf6 10.Nb3 Qc7 11.O-O-O b5 12.Kb1 h5 13.g3 Bb7 14.Bg2 O-O-O 15.Ne2
Kb8 16.Ned4 Nxd4 17.Nxd4 h4 18.f5 h3 19.Bf3 Bh6 20.Qd3 e5 21.Ne2 b4 22.c3 
a5 23.cxb4 axb4 24.a3 bxa3 25.Qxa3 Qc5 26.Qb3 Rd7 27.Nc3 Qe3 28.Be2 Rc8 
29.Bc4 Rc6 30.Rhe1 Qa7 31.Bb5 Rb6 32.Na4 Ba6 33.Nxb6 Qxb6 34.Bc4 Qxb3 35.
Bxb3 Kc7 36.Bc2 Bb5 37.Bd3 Ba4 38.Bc2 Bb5 39.b3 Bc6 40.Kb2 Kb6 41.Bd3 d5 
42.exd5 Rxd5 43.Bc4 Rc5 44.Bf1 e4 45.Bxh3 e3 46.Rd4 Re5 47.Bg4 Bf8 48.Rd3 
Bh6 49.Rd6 Bf8 50.Rxf6 Re7 51.Rc1 Rc7 52.Rfxc6+ Rxc6 53.Rxc6+ Kxc6 54.Kc3 
Kd5 55.Kd3 Bc5 56.Bh5 f6 57.Bf7+ Ke5 58.Be6 Kd6 59.Bc8 Kc7 60.Ba6 Kd6 61.
Ke4 Ke7 62.Bc4 Kd6 63.h4 Ke7 64.g4 e2 65.Bxe2 Bf2 66.g5 Bxh4 67.g6 1-0

[Event "23rd EUR-ch"]
[Site "Vrnjacka Banja SRB"]
[Date "2023.03.08"]
[Round "6.10"]
[White "Sarana, Alexei"]
[Black "Dragnev, Valentin"]
[Result "1-0"]
[WhiteElo "2668"]
[BlackElo "2561"]
[EventDate "2023.03.03"]
[PlyCount "67"]

1.c4 e6 2.Nc3 d5 3.d4 c5 4.cxd5 cxd4 5.Qxd4 Nc6 6.Qd1 exd5 7.Qxd5 Bd6 8.g3
Nf6 9.Qd1 O-O 10.Bg2 Qe7 11.Bg5 Rd8 12.Qb1 Nd4 13.e3 Bf5 14.Bxf6 Qxf6 15.
Be4 Bxe4 16.Nxe4 Nf3+ 17.Kf1 Qf5 18.Kg2 Nxg1 19.Rxg1 Be5 20.f3 h5 21.Qc2 
h4 22.gxh4 Rac8 23.Qe2 Rc6 24.Rad1 Rdc8 25.Rd2 Rh6 26.Ng3 Qe6 27.f4 Bf6 
28.h5 Qxa2 29.Qg4 Re8 30.Rc1 Qa5 31.Rcc2 Qa4 32.Rc8 Rh8 33.b3 Qb5 34.Qf5 
1-0

[Event "23rd EUR-ch"]
[Site "Vrnjacka Banja SRB"]
[Date "2023.03.08"]
[Round "6.11"]
[White "Cheparinov, Ivan"]
[Black "Murzin, Volodar"]
[Result "1/2-1/2"]
[WhiteElo "2661"]
[BlackElo "2554"]
[EventDate "2023.03.03"]
[PlyCount "63"]

1.e4 e6 2.d4 d5 3.e5 c5 4.c3 Bd7 5.Nf3 Qb6 6.Be2 Bb5 7.Bxb5+ Qxb5 8.Na3 
Qd7 9.Nc2 cxd4 10.cxd4 Nc6 11.h4 h5 12.O-O Nge7 13.Ne3 g6 14.Qd3 Bg7 15.
Bd2 O-O 16.b4 Nf5 17.Nxf5 exf5 18.b5 Nd8 19.Rfc1 Ne6 20.Ng5 Rfc8 21.Nxe6 
fxe6 22.a4 Rxc1+ 23.Rxc1 Rc8 24.Rc3 Bf8 25.Bg5 Bb4 26.Rc2 Ba5 27.Rxc8+ 
Qxc8 28.Qa3 Qc7 29.Bh6 Qd8 30.Bg5 Qc7 31.Bh6 Qd8 32.Bg5 1/2-1/2

[Event "23rd EUR-ch"]
[Site "Vrnjacka Banja SRB"]
[Date "2023.03.08"]
[Round "6.13"]
[White "Grandelius, Nils"]
[Black "Gumularz, Szymon"]
[Result "1/2-1/2"]
[WhiteElo "2658"]
[BlackElo "2558"]
[EventDate "2023.03.03"]
[PlyCount "61"]

1.e4 e5 2.Nf3 Nc6 3.Bb5 Nf6 4.O-O Nxe4 5.Re1 Nd6 6.Bf1 Be7 7.Nc3 e4 8.Nxe4
Nxe4 9.Rxe4 d5 10.Re1 O-O 11.d4 Bg4 12.c3 Bd6 13.h3 Bh5 14.g4 Bg6 15.Ne5 
Nxe5 16.dxe5 Bc5 17.Be3 Bxe3 18.Rxe3 c6 19.Qd4 Qb6 20.Qxb6 axb6 21.Kh2 f5 
22.exf6 Rxf6 23.Kg3 Kf8 24.h4 Rd8 25.Rae1 Rfd6 26.g5 Bf7 27.Re7 R8d7 28.
Rxd7 Rxd7 29.a3 c5 30.Bd3 Bg6 31.Rd1 1/2-1/2

[Event "23rd EUR-ch"]
[Site "Vrnjacka Banja SRB"]
[Date "2023.03.08"]
[Round "6.14"]
[White "Ponomariov, Ruslan"]
[Black "Parligras, Mircea-Emilian"]
[Result "1-0"]
[WhiteElo "2655"]
[BlackElo "2554"]
[EventDate "2023.03.03"]
[PlyCount "131"]

1.Nf3 d5 2.g3 Bg4 3.Bg2 e6 4.h3 Bh5 5.c4 c6 6.O-O Nf6 7.d4 Nbd7 8.Nc3 Bd6 
9.Qb3 Rb8 10.Nd2 O-O 11.e4 dxe4 12.Ndxe4 Bc7 13.Be3 Bb6 14.Rfe1 Nxe4 15.
Nxe4 Nf6 16.Nc5 Qe7 17.Qc3 Rfd8 18.b4 Bc7 19.a4 a6 20.Rab1 Bd6 21.b5 axb5 
22.axb5 Bg6 23.Rb3 Rbc8 24.bxc6 bxc6 25.Nb7 Rd7 26.Nxd6 Qxd6 27.Qb4 Qxb4 
28.Rxb4 Be4 29.f3 Bg6 30.Ra1 Kf8 31.Kf2 Ke8 32.Ra5 Bd3 33.g4 h6 34.Ra3 Bg6
35.Bf1 Ng8 36.Be2 Ne7 37.Ra5 Rdd8 38.h4 f6 39.h5 Bh7 40.Rb7 Rb8 41.Rxb8 
Rxb8 42.Bc1 Rd8 43.Ke3 g5 44.Ba3 f5 45.Bc5 Nc8 46.Ra6 Ne7 47.Kd2 Rd7 48.
Kc3 fxg4 49.fxg4 Be4 50.Kd2 Rb7 51.Ke3 Bg2 52.Bd3 Rb3 53.Kd2 Rb2+ 54.Kc3 
Rb7 55.Bg6+ Kd7 56.Ra8 Nc8 57.Bf8 Nd6 58.Bxh6 Ne4+ 59.Bxe4 Bxe4 60.Bxg5 
Rb1 61.Ra7+ Kc8 62.h6 Rh1 63.Rg7 c5 64.dxc5 e5 65.Re7 Rh3+ 66.Kb4 1-0

[Event "23rd EUR-ch"]
[Site "Vrnjacka Banja SRB"]
[Date "2023.03.08"]
[Round "6.15"]
[White "Kozak, Adam"]
[Black "Santos Latasa, Jaime"]
[Result "1/2-1/2"]
[WhiteElo "2552"]
[BlackElo "2655"]
[EventDate "2023.03.03"]
[PlyCount "43"]

1.d4 Nf6 2.c4 e6 3.Nc3 Bb4 4.e3 O-O 5.Bd3 d5 6.a3 Bxc3+ 7.bxc3 dxc4 8.Bxc4
c5 9.Nf3 Qc7 10.Be2 Nc6 11.Bb2 Rd8 12.Qc2 b6 13.dxc5 bxc5 14.c4 Bb7 15.O-O
h6 16.Bc3 Ne7 17.Be5 Qc8 18.Qb2 Ne8 19.Rfd1 Rxd1+ 20.Rxd1 f6 21.Bc3 Rb8 
22.Qc2 1/2-1/2

[Event "23rd EUR-ch"]
[Site "Vrnjacka Banja SRB"]
[Date "2023.03.08"]
[Round "6.16"]
[White "Gledura, Benjamin"]
[Black "Suleymanli, Aydin"]
[Result "1-0"]
[WhiteElo "2637"]
[BlackElo "2552"]
[EventDate "2023.03.03"]
[PlyCount "125"]

1.e4 e5 2.Nf3 Nc6 3.Bc4 Nf6 4.d3 Bc5 5.c3 d6 6.Nbd2 O-O 7.O-O a5 8.h3 h6 
9.Re1 Be6 10.Bb5 Qb8 11.Bxc6 bxc6 12.d4 exd4 13.cxd4 Bb6 14.Nf1 d5 15.e5 
Ne4 16.Be3 c5 17.dxc5 Bxc5 18.Bxc5 Nxc5 19.Rc1 Ne4 20.Nd4 Qxb2 21.Rc2 Qb6 
22.Ne3 Rad8 23.Rc6 Qb7 24.Qc2 Bd7 25.Nxd5 Bxc6 26.Ne7+ Kh8 27.Nexc6 Ng5 
28.Nxd8 Rxd8 29.Nc6 Ra8 30.Rb1 Qc8 31.a4 Ne6 32.Qe4 Qe8 33.Rb5 Nd8 34.Nd4 
c6 35.Rc5 Rb8 36.Nf5 Rb4 37.Qc2 Nb7 38.Rxc6 Rb1+ 39.Kh2 Qxe5+ 40.Ng3 Nd8 
41.Rxh6+ gxh6 42.Qxb1 Ne6 43.Qe4 Qxe4 44.Nxe4 Kg7 45.Kg3 f5 46.Nc3 Kf6 47.
f4 Nc5 48.Kf3 h5 49.g3 Ke6 50.Ke3 Kd6 51.Kd4 Ne6+ 52.Kc4 h4 53.Nb5+ Ke7 
54.gxh4 Nxf4 55.Nd4 Kf6 56.Kb5 Nxh3 57.Kxa5 Nf4 58.Kb5 Nd5 59.Kc5 Nc7 60.
Ne2 Ne6+ 61.Kb6 f4 62.a5 f3 63.Ng3 1-0

[Event "23rd EUR-ch"]
[Site "Vrnjacka Banja SRB"]
[Date "2023.03.08"]
[Round "6.17"]
[White "Petrosian, Manuel"]
[Black "Sychev, Klementy"]
[Result "1/2-1/2"]
[WhiteElo "2634"]
[BlackElo "2549"]
[EventDate "2023.03.03"]
[PlyCount "124"]

1.c4 c5 2.Nf3 Nf6 3.Nc3 e6 4.e3 d5 5.d4 a6 6.cxd5 exd5 7.Be2 Nc6 8.O-O 
cxd4 9.exd4 Bd6 10.Bg5 Be6 11.Na4 O-O 12.Bh4 Re8 13.Nc5 Bxc5 14.dxc5 d4 
15.Ne1 Bf5 16.Bd3 Bg6 17.Qb3 Qd7 18.Bxf6 gxf6 19.Bxg6 hxg6 20.Nd3 Re4 21.
Rad1 Rae8 22.Rd2 Kg7 23.Qd1 Qf5 24.Qf3 Qxf3 25.gxf3 Rh4 26.f4 a5 27.b3 
Reh8 28.f3 Re8 29.a3 Na7 30.Re1 Rxe1+ 31.Nxe1 Rxf4 32.Kf2 Rf5 33.b4 Rh5 
34.Rxd4 Nc6 35.Rd7 axb4 36.axb4 Nxb4 37.Rxb7 Nc6 38.Nd3 Rxh2+ 39.Ke3 Rh8 
40.Nb4 Re8+ 41.Kd3 Ne5+ 42.Ke4 g5 43.Ke3 f5 44.Kf2 Rc8 45.Rb5 f6 46.c6 
Nxc6 47.Nxc6 Rxc6 48.Rxf5 Kg6 49.Ra5 f5 50.Ra8 Rc2+ 51.Kf1 Kf6 52.Rg8 Rb2 
53.Kg1 Rd2 54.Kf1 Ra2 55.Kg1 Rb2 56.Kf1 Rd2 57.Kg1 f4 58.Re8 Rd6 59.Kf2 
Re6 60.Ra8 Ke5 61.Ra5+ Kd4 62.Ra4+ Ke5 1/2-1/2

[Event "23rd EUR-ch"]
[Site "Vrnjacka Banja SRB"]
[Date "2023.03.08"]
[Round "6.18"]
[White "Abasov, Nijat"]
[Black "Janik, Igor"]
[Result "1-0"]
[WhiteElo "2625"]
[BlackElo "2527"]
[EventDate "2023.03.03"]
[PlyCount "89"]

1.d4 Nf6 2.Bf4 d5 3.e3 c5 4.Nd2 Nc6 5.c3 e6 6.Ngf3 Be7 7.Ne5 Nd7 8.Bd3 Qb6
9.Rb1 cxd4 10.Nxd7 Bxd7 11.exd4 Bf6 12.Nf3 Ne7 13.a4 O-O 14.h4 Ng6 15.Bg3 
Rfe8 16.h5 Nf8 17.h6 g6 18.Ne5 Qd8 19.Ra1 Bc6 20.b4 Bxe5 21.dxe5 d4 22.c4 
b6 23.Kf1 Qe7 24.Qd2 Nd7 25.a5 Rab8 26.axb6 axb6 27.Re1 Nf8 28.Qf4 g5 29.
Qf6 Qxf6 30.exf6 e5 31.Rh5 Ne6 32.Bxe5 Ra8 33.b5 Bb7 34.Bf5 Kh8 35.Bxe6 
Rxe6 36.Rxg5 d3 37.Bc3 Be4 38.f3 d2 39.Bxd2 Bd3+ 40.Kg1 Rxe1+ 41.Bxe1 Bxc4
42.Re5 Be6 43.Rxe6 fxe6 44.f7 e5 45.Bh4 1-0

[Event "23rd EUR-ch"]
[Site "Vrnjacka Banja SRB"]
[Date "2023.03.08"]
[Round "6.19"]
[White "Nasuta, Grzegorz"]
[Black "Kuzubov, Yuriy"]
[Result "1/2-1/2"]
[WhiteElo "2535"]
[BlackElo "2616"]
[EventDate "2023.03.03"]
[PlyCount "108"]

1.e4 c5 2.Nf3 Nc6 3.d4 cxd4 4.Nxd4 Nf6 5.Nc3 e5 6.Ndb5 d6 7.Nd5 Nxd5 8.
exd5 Nb8 9.a4 Be7 10.Bd2 O-O 11.a5 Nd7 12.Be2 f5 13.O-O a6 14.Na3 e4 15.
Nc4 Ne5 16.Nb6 Rb8 17.f4 exf3 18.Bxf3 Bf6 19.c3 g5 20.Kh1 f4 21.Be2 Bf5 
22.c4 Qe7 23.Bc3 Rbd8 24.Ra3 Qg7 25.b4 Qh6 26.Bxe5 Bxe5 27.h3 Kh8 28.Bg4 
Be4 29.Re1 Bg6 30.c5 Qg7 31.c6 Qc7 32.Bd7 Bg7 33.Qg4 bxc6 34.dxc6 d5 35.
Nxd5 Qd6 36.Qe6 Qxe6 37.Bxe6 Rd6 38.c7 Rc6 39.b5 axb5 40.c8=Q Rfxc8 41.
Bxc8 Rxc8 42.a6 b4 43.Nb6 bxa3 44.Nxc8 a2 45.a7 Be4 46.Nd6 Ba8 47.Re8+ Bf8
48.Rxf8+ Kg7 49.Rxa8 a1=Q+ 50.Kh2 f3 51.Nf5+ Kf7 52.Nd6+ Kg7 53.Nf5+ Kf7 
54.Nd6+ Kg7 1/2-1/2

[Event "23rd EUR-ch"]
[Site "Vrnjacka Banja SRB"]
[Date "2023.03.08"]
[Round "6.20"]
[White "Kukhmazov, Arsen"]
[Black "Bernadskiy, Vitaliy"]
[Result "0-1"]
[WhiteElo "2495"]
[BlackElo "2611"]
[EventDate "2023.03.03"]
[PlyCount "84"]

1.d4 Nf6 2.c4 g6 3.Nc3 Bg7 4.e4 d6 5.Be2 O-O 6.Be3 c6 7.Nf3 e5 8.O-O exd4 
9.Nxd4 Re8 10.Qc2 Qe7 11.f3 d5 12.cxd5 cxd5 13.Rad1 dxe4 14.fxe4 Nc6 15.
Bc4 Bg4 16.Nxc6 bxc6 17.Rde1 Be6 18.Bxe6 Qxe6 19.Bd4 Red8 20.Qa4 Ng4 21.
Bxg7 Qd6 22.g3 Kxg7 23.e5 Nxe5 24.Qf4 f6 25.Ne4 Qd4+ 26.Qe3 Qxe3+ 27.Rxe3 
Ng4 28.Rb3 f5 29.Rb7+ Kh6 30.Nf2 Ne5 31.Re7 Re8 32.Rc7 Rad8 33.Rxa7 Rd2 
34.b3 Nf3+ 35.Kg2 Ne1+ 36.Kg1 Ree2 37.Ra4 Nf3+ 38.Kg2 Ne5 39.h3 Nd3 40.Rd4
Rxf2+ 41.Rxf2 Rxf2+ 42.Kg1 Rf3 0-1

[Event "23rd EUR-ch"]
[Site "Vrnjacka Banja SRB"]
[Date "2023.03.08"]
[Round "6.21"]
[White "Dardha, Daniel"]
[Black "Sadikhov, Ulvi"]
[Result "1/2-1/2"]
[WhiteElo "2610"]
[BlackElo "2485"]
[EventDate "2023.03.03"]
[PlyCount "101"]

1.d4 Nf6 2.c4 g6 3.Nc3 Bg7 4.e4 d6 5.Nf3 O-O 6.Bd3 Bg4 7.Be2 c5 8.d5 e6 9.
O-O exd5 10.exd5 Nfd7 11.Bg5 Qb6 12.Qd2 Re8 13.Rac1 Ne5 14.Nxe5 Bxe2 15.
Nxe2 Bxe5 16.f4 Bg7 17.f5 Qxb2 18.Rc2 Qe5 19.Bf4 Qxf5 20.Bxd6 Qc8 21.Qf4 
f5 22.Qf3 Nd7 23.Nf4 Nf6 24.Ne6 Rxe6 25.dxe6 Ne4 26.Bf4 Qxe6 27.h3 Rd8 28.
Kh1 Rd4 29.g4 Qc6 30.Rg2 g5 31.Be3 Rd3 32.gxf5 Be5 33.f6 Qxf6 34.Qxf6 Bxf6
35.Bxc5 Rxh3+ 36.Kg1 Kg7 37.Bxa7 Ra3 38.Re1 Nc3 39.Bc5 Ra4 40.Be7 Rxc4 41.
Bxf6+ Kxf6 42.Rf2+ Kg6 43.Re6+ Kh5 44.Rh2+ Kg4 45.Rxh7 Nxa2 46.Re2 Nc3 47.
Rg2+ Kf5 48.Rxb7 Ne4 49.Rb1 Rc3 50.Rf1+ Ke5 51.Re1 1/2-1/2

[Event "23rd EUR-ch"]
[Site "Vrnjacka Banja SRB"]
[Date "2023.03.08"]
[Round "6.22"]
[White "Shevchenko, Kirill"]
[Black "Stefansson, Vignir Vatnar"]
[Result "1-0"]
[WhiteElo "2668"]
[BlackElo "2461"]
[EventDate "2023.03.03"]
[PlyCount "97"]

1.c4 e6 2.Nc3 d5 3.d4 Nf6 4.Bg5 dxc4 5.e3 c5 6.Bxf6 Qxf6 7.d5 g6 8.Bxc4 
Bg7 9.Qa4+ Nd7 10.dxe6 fxe6 11.Nh3 O-O 12.O-O Nb6 13.Qb3 Nxc4 14.Qxc4 Qe7 
15.Rad1 Bd7 16.Nf4 Rae8 17.Ne4 b6 18.Rd2 Be5 19.Rfd1 Rd8 20.h4 Bc8 21.Ng5 
Rxd2 22.Rxd2 Re8 23.Qe4 Qg7 24.b3 Bb8 25.Rd1 Qf6 26.Qc6 Qe7 27.Nfxe6 Bxe6 
28.Nxe6 Qxe6 29.Qxe6+ Rxe6 30.Rd8+ Kf7 31.Rxb8 Re7 32.Kf1 Rc7 33.Ke2 c4 
34.bxc4 Rxc4 35.Rb7+ Kf6 36.Rxa7 Rxh4 37.a3 b5 38.f4 Rh1 39.g4 h5 40.Ra6+ 
Kf7 41.Ra7+ Ke6 42.Rg7 Kf6 43.Rh7 h4 44.Kf3 h3 45.g5+ Ke6 46.Rg7 Rf1+ 47.
Kg3 Kf5 48.Re7 Rg1+ 49.Kh4 1-0

[Event "23rd EUR-ch"]
[Site "Vrnjacka Banja SRB"]
[Date "2023.03.08"]
[Round "6.23"]
[White "Halkias, Stelios"]
[Black "Martirosian, Haik M."]
[Result "1/2-1/2"]
[WhiteElo "2514"]
[BlackElo "2686"]
[EventDate "2023.03.03"]
[PlyCount "91"]

1.Nf3 d5 2.d4 Nf6 3.c4 e6 4.Nc3 c6 5.g3 Nbd7 6.Qd3 b6 7.Bg2 Ba6 8.b3 Be7 
9.O-O O-O 10.e4 dxe4 11.Nxe4 b5 12.Nxf6+ Bxf6 13.Be3 bxc4 14.bxc4 Rc8 15.
Rac1 Qa5 16.Bd2 Qxa2 17.Bg5 Bxg5 18.Nxg5 Nf6 19.Nf3 Rb8 20.Ne5 Rb3 21.Qd1 
Rb6 22.Re1 Qb2 23.Ra1 Bb7 24.c5 Rb5 25.Nc4 Qb3 26.Qxb3 Rxb3 27.Rxa7 Rb4 
28.Nd6 Rb8 29.Bf3 Kf8 30.Rea1 g5 31.h3 h5 32.g4 hxg4 33.hxg4 Kg7 34.Kg2 
Ng8 35.R1a4 Rb3 36.Ra3 Rb4 37.R7a4 Rb2 38.Nc4 Rb5 39.Nd6 Rb2 40.Ra2 Rb3 
41.Bd1 Rb5 42.Ra7 Rb4 43.R2a4 Rb2 44.Ra2 Rb4 45.R2a4 Rb2 46.Ra2 1/2-1/2

[Event "23rd EUR-ch"]
[Site "Vrnjacka Banja SRB"]
[Date "2023.03.08"]
[Round "6.24"]
[White "Wojtaszek, Radoslaw"]
[Black "Brunello, Sabino"]
[Result "1/2-1/2"]
[WhiteElo "2682"]
[BlackElo "2512"]
[EventDate "2023.03.03"]
[PlyCount "95"]

1.d4 d5 2.c4 c6 3.Nf3 Nf6 4.Nc3 e6 5.Bg5 Nbd7 6.e3 Be7 7.Bd3 dxc4 8.Bxc4 
Nd5 9.Bxe7 Qxe7 10.Rc1 O-O 11.O-O Nxc3 12.Rxc3 b6 13.Qc2 c5 14.Bd3 h6 15.
Bh7+ Kh8 16.Be4 Rb8 17.Rc1 a5 18.Bc6 Bb7 19.Bxb7 Rxb7 20.a3 Kg8 21.h3 Re8 
22.Qe4 Nf6 23.Qd3 cxd4 24.Nxd4 Nd5 25.Rc8 Rd7 26.Qa6 Kh7 27.Qd3+ g6 28.
Rxe8 Qxe8 29.Qa6 Qe7 30.Qc8 Rc7 31.Rxc7 Qxc7 32.Qxc7 Nxc7 33.f4 Kg7 34.Kf2
Kf8 35.Kf3 f6 36.e4 Ke7 37.e5 f5 38.h4 Nd5 39.g3 Nc7 40.Ke2 g5 41.fxg5 
hxg5 42.hxg5 Kf7 43.Kf3 Kg6 44.Kf4 Nd5+ 45.Kf3 Nc7 46.Ne2 Kxg5 47.Nf4 Kh6 
48.Ke3 1/2-1/2

[Event "23rd EUR-ch"]
[Site "Vrnjacka Banja SRB"]
[Date "2023.03.08"]
[Round "6.26"]
[White "Druska, Juraj"]
[Black "Indjic, Aleksandar"]
[Result "0-1"]
[WhiteElo "2505"]
[BlackElo "2636"]
[EventDate "2023.03.03"]
[PlyCount "94"]

1.d4 Nf6 2.c4 e6 3.g3 c5 4.d5 exd5 5.cxd5 d6 6.Nc3 g6 7.Bg2 Bg7 8.Nf3 O-O 
9.O-O Re8 10.Bf4 h6 11.Qc1 g5 12.Be3 Bf5 13.h4 g4 14.Nd2 Rxe3 15.fxe3 Bg6 
16.Nc4 Qe7 17.Nb5 Ne8 18.a4 Nd7 19.e4 Ne5 20.Ne3 Nf6 21.Nf5 Bxf5 22.Rxf5 
a6 23.Nc3 Rb8 24.Nd1 Kh7 25.Ne3 Re8 26.Qc2 Kg8 27.Raf1 b5 28.axb5 axb5 29.
Kh2 Ra8 30.Qc1 Nfd7 31.Rh5 Qf8 32.Nf5 Kh7 33.Nxg7 Qxg7 34.Rhf5 b4 35.b3 
Ra3 36.Qc2 Kg8 37.Rb1 Qf8 38.e3 Qa8 39.Rf2 c4 40.bxc4 Qa5 41.Qd2 Rc3 42.
Qd4 Qa3 43.Qd1 b3 44.Ra1 Qc5 45.Rf4 Qxe3 46.Rxg4+ Kh7 47.Ra8 Nf6 0-1

[Event "23rd EUR-ch"]
[Site "Vrnjacka Banja SRB"]
[Date "2023.03.08"]
[Round "6.27"]
[White "Rakhmanov, Alexander"]
[Black "Gorshtein, Ido"]
[Result "1/2-1/2"]
[WhiteElo "2635"]
[BlackElo "2498"]
[EventDate "2023.03.03"]
[PlyCount "59"]

1.d4 Nf6 2.c4 e6 3.Nc3 Bb4 4.e3 O-O 5.Bd3 d5 6.a3 Bxc3+ 7.bxc3 dxc4 8.Bxc4
c5 9.Nf3 Qc7 10.Be2 b6 11.Bb2 Bb7 12.O-O Nbd7 13.Nd2 Rfe8 14.a4 Rac8 15.
Re1 cxd4 16.cxd4 Qc2 17.Qxc2 Rxc2 18.Nc4 Rc8 19.Nd6 Rxb2 20.Nxc8 Bxc8 21.
Rac1 Bb7 22.Rc7 Bd5 23.Bb5 Nf8 24.Rxa7 g5 25.f3 Ng6 26.Re2 Rb1+ 27.Kf2 Bb3
28.Re1 Rb2+ 29.Re2 Rb1 30.Re1 1/2-1/2